000 01073nam a22002657a 4500
005 20240530110918.0
008 220518s1989 ua g b 001 0 ara d
017 _a89/2826
_bمصر. دار الكتب
020 _a977307174
040 _aEG-CaGPL
_cEG-CaGPL
082 0 4 _221
_a301.241/
_bس أ
100 0 _aسلوى على سليم
245 1 2 _aالاسلام والمخدرات :
_bدراسة سسيولوجية الاثر التغير الاجتماعى على تعاطى الشباب للمخدرات /
_cسلوى على سليم
250 _aط.1
260 _aالقاهرة :
_bمكتبة وهبة،
_c1989.
300 _a268 ص. ؛
_c24 سم.
504 _aيشتمل على ارجاعات ببليوجرافية
650 0 7 _2qrmak
_aالمشروبات الروحية
650 0 7 _2qrmak
_aادمان المخدرات
650 0 7 _2qrmak
_aالمخدرات والشباب
650 0 7 _2qrmak
_aالفساد الاجتماعى
650 0 7 _2qrmak
_aمكافحة المخدرات
942 _2ddc
_cBK
999 _c66435
_d66435